000 00870cam a2200289 a 4500
999 _c478700
_d478700
001 518457
003 NUST
005 20180710042017.0
008 870209s1987 nyua b 001 0 eng
010 _a 86047808
020 _a081445898X
038 _aArshad
040 _aDLC
_cDLC
_dDLC
050 0 0 _aHF5718.3
_b.C76 1987
082 0 0 _a808.066651
_bFOR
100 1 _aForsyth, Patrick
_d1934-
_911524
245 1 0 _aPersuasive business writing /
_cPatrick Forsyth.
260 _aNew York, NY :
_bAmerican Management Association,
_c1987.
300 _ax, 126 p. :
_bill. ;
_c24 cm.
500 _aIncludes index.
504 _aBibliography: p. 171-172.
650 0 _aBusiness writing.
_911500
650 0 _aCommercial correspondence.
_911525
650 0 _aPersuasion (Rhetoric)
_911526
906 _a7
_bcbc
_corignew
_d1
_eocip
_f19
_gy-gencatlg
942 _2ddc
_cBK